000 00498nam a2200205Ia 4500
008 170918s9999 xx 000 0 und d
020 _a9780531266090
050 _bC973 2011
100 _aCunningham, Kevin
245 4 _aThe Pennsylvania colony /
245 _cby Kevin Cunningham.
260 _aNew York :
260 _bChildren's Press,
260 _c2011
300 _a48 pages :
300 _bcolored illustration ;
300 _c21cm.
300 _eA true book.
500 _a820
999 _c343166
_d343166